Stanovenie výšky preddavkov na daň právnickej a fyzickej osoby pre zdaňovacie obdobie 2016 po novele zákona o dani z príjmov

Základné pojmy súvisiace so stanovením preddavkov na daň. Postup pri stanovení výšky preddavkov na daň a ich platenie právnickou resp. fyzickou osobou na rok 2016. Ilustračné príklady.

Enregistré dans:
Détails bibliographiques
Auteur principal: Jurčíková, Božena
Autres auteurs: Jurčík, Peter
Format: Chapitre de livre
Langue:slovaque
Sujets:
Tags: Ajouter un tag
Pas de tags, Soyez le premier à ajouter un tag!

MARC

LEADER 00000naa a2200000 4500
001 0214637
005 20221019164343.6
041 0 |a slo 
044 |a SK 
245 1 0 |a Stanovenie výšky preddavkov na daň právnickej a fyzickej osoby pre zdaňovacie obdobie 2016 po novele zákona o dani z príjmov  |c Božena Jurčíková, Peter Jurčík 
520 |a Základné pojmy súvisiace so stanovením preddavkov na daň. Postup pri stanovení výšky preddavkov na daň a ich platenie právnickou resp. fyzickou osobou na rok 2016. Ilustračné príklady. 
610 2 0 |a preddavky 
610 2 0 |a osoby právnické 
610 2 0 |a osoby fyzické 
610 2 0 |a priznania daňové 
610 2 0 |a dane z príjmov 
100 1 |a Jurčíková, Božena 
700 1 |a Jurčík, Peter